Missouri Valley College Football Teams - Statistics

General Stats
  • This quiz has been taken 111 times
    16 since last reset
  • The average score is 8 of 10
Answer Stats
School Team Name/Colors % Correct
North Dakota Fighting Hawks
100%
North Dakota State Bison
100%
South Dakota Coyotes
100%
South Dakota State Jackrabbits
100%
Southern Illinois Salukis
86%
Northern Iowa Panthers
79%
Illinois State Redbirds
71%
Indiana State Sycamores
71%
Murray State Racers
71%
Youngstown State Penguins
57%
No matching quizzes found
Score Distribution
Percent of People with Each Score
Percentile by Number Answered
Your Score History
You have not taken this quiz since the last reset